Country Names Without Vowels #3 - Statistics

General Stats
  • This quiz has been taken 38 times
    32 since last reset
  • The average score is 13 of 15
Answer Stats
Without Vowels With Vowels % Correct
Cst Rc Costa Rica
100%
Fj Fiji
100%
Hngry Hungary
100%
Pkstn Pakistan
100%
Phlppns Philippines
100%
Lthn Lithuania
93%
Sml Somalia
93%
St. Lc St. Lucia
93%
Tg Togo
93%
Rmn Armenia, Romania
90%
Nmb Namibia
90%
Zbkstn Uzbekistan
86%
S Tm Prncp Sao Tome And Principe
83%
Rgy Uruguay
72%
Rtr Eritrea
52%
No matching quizzes found
Score Distribution
Percent of People with Each Score
Percentile by Number Answered
Your Score History
You have not taken this quiz since the last reset